书目信息 |
| 题名: |
津滨轻轨工程建设管理系统研究
|
|
| 作者: | 张金立 主编 ;高应钦 副主编 | |
| 分册: | ||
| 出版信息: | 天津 天津大学出版社 2005.05 |
|
| 页数: | 286页 | |
| 开本: | 26cm | |
| 丛书名: | ||
| 单 册: | ||
| 中图分类: | U239.3 | |
| 科图分类: | ||
| 主题词: | 轻轨铁路--工程施工--施工管理--研究--天津市 | |
| 电子资源: | ||
| ISBN: | 7-5618-2127-1 | |
| 000 | 01238nam0 2200265 450 | |
| 001 | 1035698418 | |
| 005 | 20100722095836.98 | |
| 010 | @a7-5618-2127-1@dCNY39.00 | |
| 100 | @a20100515d2005 km y0chiy0120 ea | |
| 101 | 0 | @achi |
| 102 | @aCN@b120000 | |
| 105 | @aa a 000yy | |
| 200 | 1 | @a津滨轻轨工程建设管理系统研究@Ajin bin qing gui gong cheng jian she guan li xi tong yan jiu@d= The Research of the Management System of Jinbin Lrt Construction@f张金立主编@Fzhang jin li zhu bian@g高应钦 … [等] 副主编@Ggao ying qin…[deng]fu zhu bian@zeng |
| 210 | @a天津@c天津大学出版社@d2005.05 | |
| 215 | @a286页@c图@d26cm | |
| 304 | @a本书副主编还有:徐志强, 张智新, 尹贻林 | |
| 320 | @a有书目 (第285-286页) | |
| 330 | @a本书介绍了天津市区至滨海新区快速轨道交通系统的建设管理以及投资控制和风险管理的成功经验。主要内容包括:津滨轻轨工程在项目决策、合同管理、风险管理、工程接口管理等方面的基本措施;津滨轨道工程投资控制的各个子系统等。 | |
| 510 | 1 | @aThe Research of the Management System of Jinbin Lrt Construction@zeng |
| 606 | 0 | @a轻轨铁路@x工程施工@x施工管理@x研究@y天津市 |
| 690 | @aU239.3@v4 | |
| 701 | 0 | @a张金立@Azhang jin li@4主编 |
| 702 | 0 | @a高应钦@Agao ying qin@4副主编 |
| 801 | 0 | @aCN@c20100515 |
| 905 | @dU239.3@eZ120@f3 | |
| 津滨轻轨工程建设管理系统研究= The Research of the Management System of Jinbin Lrt Construction/张金立主编/高应钦 … [等] 副主编.-天津:天津大学出版社,2005.05 |
| 286页:图;26cm |
| ISBN 7-5618-2127-1:CNY39.00 |
| 本书介绍了天津市区至滨海新区快速轨道交通系统的建设管理以及投资控制和风险管理的成功经验。主要内容包括:津滨轻轨工程在项目决策、合同管理、风险管理、工程接口管理等方面的基本措施;津滨轨道工程投资控制的各个子系统等。 |
| ● |
| 相关链接 |
|
|
|
正题名:津滨轻轨工程建设管理系统研究
索取号:U239.3/Z120
 
预约/预借
| 序号 | 登录号 | 条形码 | 馆藏地/架位号 | 状态 | 备注 |